Production and Operations Management (Record no. 1050)

MARC details
000 -LEADER
fixed length control field 00410nam a22001577a 4500
005 - DATE AND TIME OF LATEST TRANSACTION
control field 20160518170441.0
008 - FIXED-LENGTH DATA ELEMENTS--GENERAL INFORMATION
fixed length control field 160518b xxu||||| |||| 00| 0 eng d
041 ## - LANGUAGE CODE
Language code of text/sound track or separate title eng
082 ## - DEWEY DECIMAL CLASSIFICATION NUMBER
Item number 3073
100 ## - MAIN ENTRY--AUTHOR NAME
Personal name Chunawalla SA & Patel D.R.
245 ## - TITLE STATEMENT
Title Production and Operations Management
260 ## - PUBLICATION, DISTRIBUTION, ETC. (IMPRINT)
Place of publication New Delhi
Name of publisher Himalaya Publishing House,
Year of publication 2009
300 ## - PHYSICAL DESCRIPTION
Number of Pages 667
650 ## - SUBJECT ADDED ENTRY--TOPICAL TERM
Topical Term Management
942 ## - ADDED ENTRY ELEMENTS (KOHA)
Koha item type Books
Holdings
Lost status Damaged status Collection code Home library Current library Shelving location Date acquired Cost, normal purchase price Full call number Accession Number Koha item type
    MANAGEMENT JRU Library JRU Library SHELF-76-N 18/05/2016 395.00 658.5 3073 Books
    Reference JRU Library   SHELF-29-C 18/05/2016 395.00 3073 3074 Books
      JRU Library JRU Library SHELF- 68 B 18/05/2016 395.00 3073 3075 Books